000 00674nam a2200205 a 4500
001 000020606
005 20200930011131.0
008 100811s2017 pr a r 000 0 spa d
020 _a9789945581997
040 _aDO-SdBNP
_bspa
_cBNPHU
082 _axxxx
_bC824g
100 1 _aCorrea Agosto, Oscar,
_d1937-
_943333
245 1 3 _aLa gran cacería :
_bnovela /
_cOscar Correa Agosto.
260 _aSan Juan, Puerto Rico :
_bIsla negra,
_c2017.
300 _a210 p. :
_bil. ;
_c22 cm.
490 1 _aLa montaña de papel
500 _aIncluye referencias bibliográficas y notas al pie de las páginas
590 _aInventariado, 2020/BT
830 0 _aLa montaña de papel
_91186
999 _c20110
_d20110